| 000 | 01443cam a2200325 a 4500 | ||
|---|---|---|---|
| 999 |
_c1799 _d1799 |
||
| 001 | 1799 | ||
| 003 | BD-JhCC | ||
| 005 | 20200405134007.0 | ||
| 008 | 040217s2004 nju b a 001 0beng | ||
| 020 | _a0471657662 (cloth) | ||
| 035 | _a(BD-JhCC)1799 | ||
| 040 |
_aDLC _cDLC _dDLC |
||
| 041 | _aeng | ||
| 050 | 0 | 0 |
_aHD277.S78 _bH45 2004 |
| 082 | 0 | 0 |
_a333.33/092 _aB _222 _bHEL 2004 |
| 100 | 1 | _aHellman, Peter. | |
| 245 | 1 | 0 |
_aShaping the skyline : _bthe world according to real estate visionary Julien Studley / _cPeter Hellman. |
| 260 |
_aHoboken, NJ : _bJohn Wiley & Sons, _cc2004. |
||
| 300 |
_axi, 260 p. ; _c24 cm. |
||
| 504 | _aIncludes bibliographical references (p. 247-248) and index. | ||
| 505 | 0 | _aDeals -- Early years -- Army days -- Starting Studley -- Assemblage -- Last day of the downtown office -- Winter trips, summer outings -- Newseum goes to Washington -- Teaming -- Big to small, except for the money -- People broker. | |
| 600 | 1 | 0 | _aStudley, Julien J. |
| 610 | 2 | 0 | _aStudley Inc. |
| 650 | 0 |
_aReal estate agents _zNew York (State) _zNew York _vBiography. |
|
| 856 | 4 | 2 |
_3Publisher description _uhttp://www.loc.gov/catdir/description/wiley041/2004003668.html |
| 856 | 4 | 1 |
_3Table of contents only _uhttp://www.loc.gov/catdir/toc/ecip0415/2004003668.html |
| 856 | 4 | 2 |
_3Contributor biographical information _uhttp://www.loc.gov/catdir/enhancements/fy0616/2004003668-b.html |
| 942 |
_2ddc _cBK _02 |
||